Top 100 clubs UEFA (saison 2023-2024) - Statistiques

Statistiques générales
  • Ce quiz a été pris 1 151 fois
    106 depuis la dernière actualisation
  • Le résultat moyen est 52 sur 100
Statistiques - réponses
Hint Réponse % Correct
20. ALL Bayer Leverkusen
99%
1... ANG Manchester City
98%
6... FRA Paris SG
98%
3... ESP Réal Madrid
98%
35. ITA AC Milan
96%
9... ITA Juventus Turin
96%
8... ITA Inter Milan
95%
5... ANG Liverpool
95%
2... ALL Bayern Munich
94%
14. ALL Borussia Dortmund
94%
4... ANG Chelsea
94%
13. ESP Barcelone
93%
7... ANG Manchester United
93%
16. ESP Atlético Madrid
91%
11. ITA AS Roma
88%
17. POR Benfica
85%
27. ANG Arsenal
84%
32. FRA Olympique Lyonnais
84%
50. FRA Olympique de Marseille
83%
21. POR FC Porto
82%
18. ITA SSC Naples
82%
22. ANG Tottenham
82%
19. NEE Ajax Amsterdam
80%
12. ESP FC Séville
77%
40. NEE PSV Eindhoven
77%
10. ALL RB Leipzig
76%
49. FRA LOSC Lille
74%
36. POR Sporting CP
73%
34. BEL FC Bruges
70%
38. CRO Dinamo Zagreb
67%
28. ECO Glasgow Rangers
67%
23. ITA Atalanta BC
66%
55. ECO Celtic Glasgow
66%
59. TUR Galatasaray
66%
29. NEE Feyenoord
65%
42. ITA Lazio Rome
65%
39. TCH Slavia Prague
65%
57. UKR Dynamo Kyiv
63%
26. SUI FC Bâle
63%
77. ESP FC Valencia
63%
41. DEN FC Copenhague
62%
33. AUT RB Salzbourg
62%
24. UKR Shakthar Donetsk
61%
82. FRA OGC Nice
60%
46. FRA Stade Rennais
60%
53. ESP Real Betis
59%
37. POR SC Braga
59%
58. FRA AS Monaco
57%
25. ALL Eintracht Francfort
56%
68. TUR Fenerbahçe
56%
95. TCH Sparta Prague
56%
43. SER Etoile Rouge Belgrade
55%
81. POL Lech Poznan
55%
48. GRE Olympiakos Le Pirée
54%
99. AUT Rapid Vienne
52%
30. ANG West Ham United
51%
52. SUI Young Boys Berne
51%
47. ESP Real Sociedad
49%
72. ITA Fiorentina
39%
15. ESP Villarreal CF
39%
69. ISR Maccabi Tel Aviv
37%
74. BEL Union Saint-Gilloise
37%
65. RUS Zenith Saint-Pétersbourg
37%
31. NEE Az Alkmaar
35%
73. NOR FK Bodo/Glimt
35%
44. BEL La Gantoise
33%
94. ISR Maccabi Haifa
33%
67. AZE Qarabag FK
30%
54. HON Ferencvaros
29%
60. ANG Leicester City
29%
75. SWE Malmö FF
28%
88. ALL SC Fribourg
28%
98. CHY APOEL Nikosia
24%
56. ROU CFR Cluj
24%
66. GRE PAOK Saloniki
24%
61. SER Partizan
24%
96. BEL RSC Anderlecht
24%
63. ALL VFL Wolfsburg
24%
85. RUS Lokomotiv Moscou
23%
71. ALL Borussia Mönchengladbach
22%
89. RUS Spartak Moscou
21%
97. ALL TSG Hoffenheim
21%
78. BEL Royal Antwerp
18%
76. ALL Union Berlin
18%
64. SLO Slovan Bratislava
17%
51. TUR Basaksehir
16%
70. NOR Molde
16%
100. TUR Trabzonspor
16%
79. MOL FC Sheriff Tiraspoll
15%
80. BUL Ludogorets
15%
62. DEN FC Midtjylland
13%
45. AUT LASK
12%
84. ANG Wolverhampton
11%
90. RUS Krasnodar
10%
86. ISR Hapoel Beer Sheva
7%
93. ESP FC Grenada
6%
87. SWE Djurgarden
2%
83. TUR Sivasspor
2%
92. AUT Wolfsberger AC
0%
91. UKR Zorya Lugansk
0%
Aucun quiz correspondant
Distribution des résultats
% des personnes avec chaque résultat
Percentile par nombre de réponses
Votre historique - résultats
Vous n’avez pas pris ce quiz depuis la dernière actualisation